Szczegóły MARC21

Wykłady z mechaniki kwantowej /

003 -Nazwa inst., której nr kontr. jest w polu 001 [,]
    • @
    • Nazwa instytucji, której n kontrolny jest w polu 001
    • NUKAT
005 -DATA I CZAS OSTATNIEJ MODYFIKACJI [,]
    • @
    • pole kontrolne
    • 20241231091850.0
040 -Instytucja sporządzająca opis [ , ]
    • a
    • Instytucja, która sporządziła opis (NP)
    • KAT U/czMT
    • c
    • Instytucja, która sporządziła rekord (NP)
    • KAT U/czMT
    • d
    • Instytucja, która zmodyfikowała rekord (P)
    • KAT U/czMT
    • d
    • Instytucja, która zmodyfikowała rekord (P)
    • KIEL 010/EP
942 -Rodzaj dokumentu [ , ]
    • c
    • Rodzaj dokumentu
    • Książka
100 -Hasło główne - nazwa osobowa [1, ]
    • a
    • Nazwa osobowa (NP)
    • Granowski, Jakow.
    • 9
    • KHW
    • 507223
245 -Strefa tytułu i oznaczenia odpowiedzialności [1,0]
    • a
    • Tytuł
    • Wykłady z mechaniki kwantowej / Find
    • c
    • Pozostałe elementy strefy tytułu i oznaczenia odpowiedzialności (NP)
    • Jakow Granowski ; Wyższa Szkoła Pedagogiczna w Słupsku.
260 -Strefa adresu wydawniczego [ , ]
    • a
    • Miejsce wydania (P)
    • Słupsk :
    • b
    • Nazwa wydawcy (P)
    • WSP,
    • c
    • Data wydania (P)
    • 1995.
300 -Strefa opisu fizycznego [ , ]
    • a
    • Określenie formy książki i/lub objętość (NP)
    • [2], 266 s. :
    • b
    • Oznaczenie ilustracji (NP)
    • il. ;
    • c
    • Format (NP)
    • 20 cm.
336 -Typ zawartości [ , ]
    • a
    • Termin opisujący typ zawartości
    • Tekst
    • b
    • Kod określający zawartość
    • txt
    • 2
    • Źródło (terminu i kodu)
    • rdacontent
337 -Typ mediów [ , ]
    • a
    • Tryb odtwarzania
    • Bez urządzenia pośredniczącego
    • b
    • Kod typu mediów
    • n
    • 2
    • Źródło (terminu i kodu)
    • rdamedia
338 -Typ/rodzaj nośnika [ , ]
    • a
    • Hasło opisujące typ nośnika
    • Wolumin
    • b
    • Kod typu nośnika
    • nc
    • 2
    • Źródło (terminu i kodu)
    • rdacarrier
080 -Uniwersalna Klasyfikacja Dziesiętna [ , ]
    • a
    • Symbol klasyfikacji
    • 530.145
    • 9
    • UKD
    • 8980
    • 2
    • Identyfikator wydania tablic
    • UDC-P058
    • b
    • Dopowiedzenie
    • Teoria kwantów. Fizyka kwantowa. Mechanika kwantowa. Kwantowa teoria pola.
650 -Hasło przedmiotowe [ ,7]
    • a
    • Hasło przedmiotowe
    • Teoria kwantowa
    • v
    • Określnik formalny
    • podręczniki akademickie.
    • 2
    • Źródło terminu
    • kaba
    • 9
    • KHW
    • 362847
980 -Symbol UKD [ , ]
    • a
    • UKD
    • 530.145
Sygnatura Status udost. Lokalizacja Data inwentaryzacji Numer inwentarzowy
W.185613-3BG1996-02-07W.185613
W.185613-3BG1996-02-07W.185614
W.185613-3BG1996-02-07W.185615
W.1856132BG1996-02-07W.185616
W.1856132BG1996-02-07W.185617
W.1856132BG1996-02-07W.185618
W.1856132BG1996-02-07W.185619
W.1856132BG1996-02-07W.185620
W.1856132BG1996-02-07W.185621
W.1856132BG1996-02-07W.185622
W.1856132BG1996-02-07W.185623
W.1856132BG1996-02-07W.185624
W.1856132BG1996-02-07W.185625
W.1856132BG1996-02-07W.185626
W.1856132BG1996-02-07W.185627
 1BG1996-02-07N.16001
 1BG1996-02-07N.16002
 1BG1996-02-07N.16003
 1BG1996-02-07N.16004
 1BG1996-02-07N.16005
 2BG1996-05-14N.16093